Krize, nebo konec kapitalismu? / Jiří Pehe (ed.)
Record details
- ISBN: 978-80-7260-267-4 (brož.) :
- Physical Description: 294 s. ; 18 cm
- Edition: Vyd. 1.
- Publisher: Praha : Prostor, 2012
Content descriptions
| Bibliography, etc. Note: | Obsahuje bibliografické odkazy |
Search for related items by subject
| Genre: | eseje essays |
Available copies
- 1 of 1 copy available at Common Catalog SPOK.
Holds
- 0 current holds with 1 total copy.
Show Only Available Copies
| Location | Call Number / Copy Notes | Barcode | Shelving Location | Status | Due Date |
|---|---|---|---|---|---|
| Jabok Library | Soc-5.3 | 424480030484 | Odborná literatura | Available | - |
| LDR | 01597nam a2200493 a 4500 | ||
|---|---|---|---|
| 001 | 17806 | ||
| 003 | CZ-PrJAB | ||
| 005 | 20130816101811.0 | ||
| 007 | ta | ||
| 008 | 120906s2012 xr e 000 0 cze | ||
| 015 | . | ‡acnb002396041 | |
| 020 | . | ‡a978-80-7260-267-4 (brož.) : ‡cKč 250,00 | |
| 035 | . | ‡a(CONS)17806 | |
| 035 | . | ‡a(CZ PrNK)nkc20122396041 | |
| 035 | . | ‡a(OCoLC)817049569 | |
| 040 | . | ‡aABA001 ‡bcze | |
| 045 | . | ‡ay-y- | |
| 072 | 7. | ‡a316.4 ‡xSociální procesy ‡2Konspekt ‡918 | |
| 080 | . | ‡a316.42"15/19" ‡2MRF | |
| 080 | . | ‡a316.323.6 ‡2MRF | |
| 080 | . | ‡a330.342.14 ‡2MRF | |
| 080 | . | ‡a316.72/.75(1-15) ‡2MRF | |
| 080 | . | ‡a316.42 ‡2MRF | |
| 080 | . | ‡a(0:82-4) ‡2MRF | |
| 245 | 0 | 0. | ‡aKrize, nebo konec kapitalismu? / ‡cJiří Pehe (ed.) |
| 246 | 3 | 0. | ‡aKonec kapitalismu? |
| 250 | . | ‡aVyd. 1. | |
| 260 | . | ‡aPraha : ‡bProstor, ‡c2012 | |
| 300 | . | ‡a294 s. ; ‡c18 cm | |
| 504 | . | ‡aObsahuje bibliografické odkazy | |
| 648 | 7. | ‡a21. stol. ‡7ch460559 ‡2czenas | |
| 650 | 0 | 7. | ‡amoderní společnost ‡7ph122942 ‡y21. stol. ‡2czenas |
| 650 | 0 | 7. | ‡akapitalismus ‡7ph121442 ‡y21. stol. ‡2czenas |
| 650 | 0 | 7. | ‡azápadní civilizace ‡7ph127736 ‡y21. stol. ‡2czenas |
| 650 | 0 | 7. | ‡asociální změna ‡7ph125820 ‡y21. stol. ‡2czenas |
| 650 | 0 | 9. | ‡amodern society ‡y21st century ‡2eczenas |
| 650 | 0 | 9. | ‡acapitalism ‡y21st century ‡2eczenas |
| 650 | 0 | 9. | ‡awestern civilization ‡y21st century ‡2eczenas |
| 650 | 0 | 9. | ‡asocial change ‡y21st century ‡2eczenas |
| 655 | 7. | ‡aeseje ‡7fd132213 ‡2czenas | |
| 655 | 9. | ‡aessays ‡2eczenas | |
| 700 | 1 | . | ‡aPehe, Jiří, ‡d1955- ‡7jk01092279 ‡4edt |
| 910 | . | ‡aABG312 | |
| 928 | 1 | . | ‡aProstor |
| 901 | . | ‡a17806 ‡b ‡c17806 ‡tbiblio | |